Γραμματική της αρχαίας και της σημερινής ελληνικής γλώσσης : συνταχθείσα δια τους αρχαρίους

Αποθηκεύτηκε σε:
Λεπτομέρειες βιβλιογραφικής εγγραφής
Κύριος συγγραφέας: Βάμβας, Νεόφυτος, 1770-1855
Άλλοι συγγραφείς: Γκαρμπολάς, Αλέξανδρος Κ. (Επιμελητής έκδοσης)
Μορφή: Βιβλίο
Γλώσσα:Greek
Δημοσίευση: Αθήνησιν : Εκ της τυπογραφίας Κωνσταντίνου Γκαρμπολά, 1842.
Έκδοση:4η έκδ.
Θέματα:
Διαθέσιμο Online:http://hdl.handle.net/11610/16620
Ετικέτες: Προσθήκη ετικέτας
Δεν υπάρχουν, Καταχωρήστε ετικέτα πρώτοι!

MARC

LEADER 00000cam a2200000 i 4500
001 1/63294
008 150113s1842 gr | ||| |||| ||gre||
035 |l 10120387 
040 |a GR-MyUA  |b gre  |e AACR2 
041 0 |a gre 
082 0 |a 485  |2 (23) 
100 1 |a Βάμβας, Νεόφυτος,   |d 1770-1855. 
245 1 0 |a Γραμματική της αρχαίας και της σημερινής ελληνικής γλώσσης :   |b συνταχθείσα δια τους αρχαρίους /   |c υπό Νεοφύτου Βάμβα ; έκδοσις τετάρτη με προσθήκας τινάς και εκδιδομένη υπό Αλεξάνρου Κ. Γκαρμπολά.  
250 |a 4η έκδ.  
260 |a Αθήνησιν :   |b Εκ της τυπογραφίας Κωνσταντίνου Γκαρμπολά,   |c 1842.  
300 |a 141 σ. ;   |c 22 εκ. 
500 |a Στο recto σφραγίδα "Πορφυριάς Αστική Σχολή Καρλοβασίων" με αρ. 3140.  
500 |a Υπάρχει ψηφιακό αντίγραφο.  
650 0 0 |a Greek language  |x Grammar. 
650 0 0 |a Greek language, Medieval and late  |x Grammar. 
700 1 |a Γκαρμπολάς, Αλέξανδρος Κ.  |e edt 
852 |a INST  |b SAMOS  |c PORFYRIADA  |e 20150113  |h 485 ΒΑΜ  |p 005300041177  |q 005300041177  |t NOLOAN  |y 23 
856 |u http://hdl.handle.net/11610/16620 
901 |a BIBL3-2015-1 
909 |a Σ  |b 185780 
970 |a ΣΙΤΖΙΜΗ  |b ΓΙΑΣΕΜΗ  |z 2015/01/13